banner-ar

UNIVERSITY PHYSICS: MODLE AND APPLICATIONS / (Record no. 10226)

MARC details
000 -الفاتح
حقل البيانات ثابتة الطول 00517nam a2200181Ia 4500
008 - عناصر البيانات ثابتة الطول - معلومات عامة
حقل البيانات ثابتة الطول 140319s9999 xx 000 0 eng d
040 ## - مصدر الفهرسة
وكالة الفهرسة الأصلية GCL /
وكالة النسخ GCL
082 04 - رقم تصنيف ديوى العشرى
رقم التصنيف 530
رقم المادة C U
100 1# - المدخل الرئيسى - إسم شخصى
الإسم الشخصى CRUMMETT, WILLIAM
245 10 - بيان العنوان
العنوان UNIVERSITY PHYSICS: MODLE AND APPLICATIONS /
بيان المسئوليه,etc CRUMMETT, WILLIAM
700 1# - المدخل الاضافى - اسم شخصى
الإسم الشخصى WESTERN, ARTHUR
260 ## - PUBLICATION, DISTRIBUTION, ETC. (IMPRINT)
تاريخ النشر أو التوزيع 1994
300 ## - الوصف المادى
التعداد 1224 P
650 04 - المدخل الاضافى بالموضوع-مصطلح موضوعى
مصطلح موضوعي NUMERICAL CALCULATION
650 04 - المدخل الاضافى بالموضوع-مصطلح موضوعى
مصطلح موضوعي PHYSICAL MEASUREMENTS
942 ## - عناصر المدخل الإضافي( كوها)
مصدر التصنيف او مخطط الترفيف Dewey Decimal Classification
Koha [default] item type كتاب
260 ## - PUBLICATION, DISTRIBUTION, ETC. (IMPRINT)
-- [S.N] :
-- WM. C. BROWIN COMMUNICATIONS, INC ،
Holdings
حالة التراجع حالة الفقد حالة تلف ليس للاعارة المكان المؤقت الموقع الحالى تاريخ الاكتساب اجمالي اﻻعارات رقم الطلب الباركود تاريخ اخر مشاهدة تاريخ تفعيل السعر نوع وعاء كوها
        مكتبة القاهرة الكبرى مكتبة القاهرة الكبرى 03/26/2014   530\C U 20852 03/26/2014 03/26/2014 كتاب

Powered By

EGPV